Southville International School and Colleges
Your cart is empty.
  • Cart
  • Lists
    Public lists Eva Luna New books Lux_list list_1
    Your lists Log in to create your own lists
  • Log in to your account
  • Your cookies
  • Search history
Southville International School and Colleges
  • Advanced search
  • Recent comments
  • Most popular
  • Libraries

Log in to your account

Log in with GOOGLE


If you do not have an external account, but do have a local account, you can still log in:

  1. Home
  2. MARC view: Advanced pharmacy practice for technicians /
Normal view MARC view ISBD view

Advanced pharmacy practice for technicians / (Record no. 276830)

[ view plain ]
MARC details
000 -LEADER
fixed length control field 00539nam a22001817a 4500
005 - DATE AND TIME OF LATEST TRANSACTION
control field 20141119154454.0
008 - FIXED-LENGTH DATA ELEMENTS--GENERAL INFORMATION
fixed length control field 141119b xxu||||| |||| 00| 0 eng d
020 ## - INTERNATIONAL STANDARD BOOK NUMBER
International Standard Book Number 9781418055394
050 ## - LIBRARY OF CONGRESS CALL NUMBER
Classification number RS 122.95
Item number .L363 2008
100 ## - MAIN ENTRY--PERSONAL NAME
Personal name Lambert, Anita A.
245 ## - TITLE STATEMENT
Title Advanced pharmacy practice for technicians /
Statement of responsibility, etc Anita A. Lambert.
250 ## - EDITION STATEMENT
Edition statement 2nd ed.
260 ## - PUBLICATION, DISTRIBUTION, ETC. (IMPRINT)
Place of publication, distribution, etc New York :
Name of publisher, distributor, etc Delmar Learning,
Date of publication, distribution, etc c2008.
300 ## - PHYSICAL DESCRIPTION
Extent 354 pages :
Other physical details colored illustrations ;
Dimensions 26 cm.
521 ## - TARGET AUDIENCE NOTE
Target audience note Pharmacy
650 ## - SUBJECT ADDED ENTRY--TOPICAL TERM
Topical term or geographic name as entry element Pharmacy.
942 ## - ADDED ENTRY ELEMENTS (KOHA)
Source of classification or shelving scheme Library of Congress Classification
Koha item type Books
Call number prefix Foreign
Holdings
Withdrawn status Lost status Source of classification or shelving scheme Damaged status Home library Current library Shelving location Date acquired Sub Shelving location Total Checkouts Full call number Barcode Date last seen Price effective from Koha item type
    Library of Congress Classification   College Library College Library General Circulation Section 11/19/2014     RS 122.95 .L363 2008 C18949 05/15/2018 11/19/2014 Books

Advanced pharmacy practice for technicians /

APA

Lambert A. A., . (2008). Advanced pharmacy practice for technicians. New York: Delmar Learning.

Chicago

Lambert Anita A, . 2008. Advanced pharmacy practice for technicians. New York: Delmar Learning.

Harvard

Lambert A. A., . (2008). Advanced pharmacy practice for technicians. New York: Delmar Learning.

MLA

Lambert Anita A, . Advanced pharmacy practice for technicians. New York: Delmar Learning. 2008.

  • Place hold
  • Print
  • Cite
  • Add to your cart (remove)
  • Save record
    BIBTEX Dublin Core MARCXML MARC (non-Unicode/MARC-8) MARC (Unicode/UTF-8) MARC (Unicode/UTF-8, Standard) MODS (XML) RIS
  • More searches
    Search for this title in:
    Other Libraries (WorldCat) Other Databases (Google Scholar) Online Stores (Bookfinder.com) Open Library (openlibrary.org)

Exporting to Dublin Core...

SOUTHVILLE LIBRARY

Southville International School and Colleges Library

1281 Tropical Ave. Cor. Luxembourg St., BF Homes International, Las Pinas City

Tel. No. 8256374 / 252358 Loc. 117/146

Powered by Koha